1017 1498 1513 1419 1146 1515 1630 1143 1375 1070 1271 1621 1165 1042 1100 1374 1468 1810 1211 1478 1205 1359 1003 1498 1287 1168 1448 1036 1781 1455 1016 2000 1700 1465 1038 1269 1938 1078 1131 1319 1144 1977 1276 1205 1092 1939 1488 1593 1746 1100 1001 1027 1998 1880 1683 1547 1685 1419 1537 1017 1283 1737 1894 1961 1387 1424 1430 1327 1558 1556 1404 1066 1627 1050 1109 1792 1023 1164 1858 1556 1185 1633 1431 1042 1167 1229 1702 1661 1781 1492 1779 1282 1812 1719 1572 1914 1255 1372 1508 BCNSPRNW ULIB Ver.6.0+V

เปลี่ยนเป็นภาษาไทย

Change to English
 แสดงรายละเอียดบรรณานุกรม
  กลับหน้าหลัก

Brief Record : Get Marc (ISO 2709) : E-mail record : QR code < ปิดหน้าต่าง
LEADER : 00000nam 2200000uu 4500
001    13399110412
003     ULIB
008    110520s2004||||th 000 0 eng d
020    978032302002
060 04 WE168^bF981 2004
245 00 Fundamental orthopedic management for the physicaltherapist assistant / ^cGary A. Shankman, Robert C. Manske
250    2nd ed.
260    St. Louis, Mo. :^bElsevier/Mosby,^cc2004
300    xiv, 541 p. :^bill. ;^c28 cm.
504    Includes bibliographical references and index.
650  2 Orthopedic Procedures
650  2 Allied Health Personnel
650  2 Physical Therapy Modalities
700 1  Shankman, Gary A.
700 1  Manske, Robert C.
945    ^p2680^l0^i030087
995    Kesorn
999 ^a ใช้งานได้ทุกระบบ
รายการนี้ยังไม่มีแท็ก
คุณยังไม่ได้ล็อกอิน คุณสามารถมีกิจกรรมร่วมกับเว็บไซต์ได้ แต่ต้องล็อกอินก่อน ::
  ล็อกอิน

รายการสื่อสารสนเทศ

ลำดับที่ ประเภท เลขเรียก/บาร์โค้ด สถานที่ สถานะ
- ไม่พบข้อมูล -

รายการใกล้เคียง
    หัวเรื่อง [Orthopedic Procedures]
    หัวเรื่อง [Allied Health Personnel]
    หัวเรื่อง [Physical Therapy Modalities]

BibComment


ยังไม่เคยถูกคอมเมนท์

คอมเมนท์ทรัพยากรรายการนี้
  คอมเมนท์: Fundamental ortho..


 Copyright 2026. Bcnsprnw @Library